History Quiz

Random History or Quote Quiz

Presidents on Presidents Quiz Stats

 Plays Quiz not verified by Sporcle

Also try: 'A'merican History
Challenge
Share
Tweet
Score 0/8 Timer 03:00
0 Plays Today
% Correct
Now, therefore, I, ____, President of the United States, pursuant to the pardon power conferred upon me by Article II, Section 2, of the Constitution, have granted....
90%
We lost ____ only days ago, but we have missed him for a long time. We have missed his kindly presence, that reassuring voice, and the happy ending we had wished for him.
50%
For myself and for our Nation, I want to thank my predecessor for all he has done to heal our land.
50%
....the melancholy and afflicting event in the death of the most illustrious and beloved personage which this country ever produced.
46.7%
He came to Georgetown and gave a speech at a deal I was sponsoring. I really was crushed; I thought he had the capacity to change the country.
46.7%
I have had the honor to be one of the advisers of my distinguished predecessor, and, as such, to hold up his hands in the reforms he has initiated.
46.7%
Standing in this same place a third of a century ago, ____ addressed a Nation ravaged by depression and gripped in fear. He could say in surveying the Nation's troubles: 'They concern, thank God, only material things.'
41.4%
We did not, in the words of _____, adhere to the “dogmas of the quiet past.” Instead we thought anew, and acted anew.
26.7%

You're not logged in!

Compare scores with friends on all Sporcle quizzes.
Join for Free
OR
Log In

You Might Also Like...

Show Comments

Extras

Top Quizzes Today


Score Distribution

Your Account Isn't Verified!

In order to create a playlist on Sporcle, you need to verify the email address you used during registration. Go to your Sporcle Settings to finish the process.

Report this User

Report this user for behavior that violates our Community Guidelines.

Details: